00886 2200325 4500001002100000005001700021008004100038020001800079035002400097082001100121090001800132100001900150245009700169260005000266300002900316500002900345650002200374700001700396850001300413980001500426985000600441986001000447999001400457999001400471999001400485999001500499999001600514999001500530999001500545YOGYA-0209000002105220090227023505.0 ind  a979-669-123-x 0010-020900000021052 a616.12 a616.12bSet S aSITEPU, Mangku aSelayang pandang penyakit jantung dan usaha pencegahancMangku Sitepu ; editor, Djony Herfan aJakartabGramedia Widyasarana Indonesiac1997 aix, 100 hlmbilusc18 cm aBibliografi : hlm. 95-98 aJantungxPenyakit aHerfan, Jony aYOPDYOGB a27-07-2006 a6 artrev a2699-P/98 a3090-P/99 a98P112698 a01P0001864 a99P00030919 a98P0112698 a01P0001864